Подвиг. [Т.] 5 (Запись № 5391961)

Подробности
000 -МАРКЕР
контрольное поле 02755nam2a22003731 4500
001 - ИДЕНТИФИКАТОР ЗАПИСИ
контрольное поле rc\522352
005 - ИДЕНТИФИКАТОР ВЕРСИИ
контрольное поле 20260503060140.0
010 ## - МЕЖДУНАРОДНЫЙ СТАНДАРТНЫЙ НОМЕР КНИГИ (ISBN)
Тираж 400000 (1-й з-д 1-200 тыс.)
Цена 1 р. 60 к.
021 ## - НОМЕР ГОСУДАРСТВЕННОЙ РЕГИСТРАЦИИ
Код страны Российская Федерация
Номер 87-88235
035 ## - ДРУГИЕ СИСТЕМНЫЕ НОМЕРА
Идентификатор записи (NLR Aleph) 005811625
100 ## - ДАННЫЕ ОБЩЕЙ ОБРАБОТКИ
Данные общей обработки 20030616d1987 m y0rusy50 ca
101 0# - ЯЗЫК РЕСУРСА
Язык текста, звукозаписи и т.д. русский
102 ## - СТРАНА ПУБЛИКАЦИИ ИЛИ ПРОИЗВОДСТВА
Страна публикации Российская Федерация
105 ## - ПОЛЕ КОДИРОВАННЫХ ДАННЫХ: ТЕКСТОВЫЕ МАТЕРИАЛЫ, МОНОГРАФИЧЕСКИЕ
Кодированные данные о монографическом текстовом документе a z||||||a|
200 0# - ЗАГЛАВИЕ И СВЕДЕНИЯ ОБ ОТВЕТСТВЕННОСТИ
Основное заглавие [Т.] 5
Первые сведения об ответственности [послесловия Б. Воробьева, Вс. Лессига
Последующие сведения об ответственности рисунки М. Ермолова, Б. Барабанова]
210 ## - ПУБЛИКАЦИЯ, РАСПРОСТРАНЕНИЕ И ДР.
Дата издания, распространения и т.д. 1987
215 ## - ФИЗИЧЕСКАЯ ХАРАКТЕРИСТИКА
Специфическое обозначение материала и объем 399, [1] с.
Другие сведения о физической характеристике ил.
Размеры 20
327 1# - ПРИМЕЧАНИЯ О СОДЕРЖАНИИ
Текст примечания Содерж.: Капитан дальнего плавания : о А.И. Маринеско / А. Крон. Лекарство против страха / А. Вайнер, Г. Вайнер
461 #0 - УРОВЕНЬ НАБОРА
Встроенное поле 001rc\522347
-- 2001#$aПодвиг$e[Сборник]$v[Т.] 5
Системный номер (АБИС) связанной записи 5391915
Место публикации Москва
Дата публикации 1987
Имя издателя, распространителя и т.д. Молодая гвардия
Сведения, относящиеся к заглавию [сборник]
Заглавие Подвиг
Номер тома [Т.] 5
464 #0 - АНАЛИТИЧЕСКИЙ УРОВЕНЬ
Встроенное поле 2001#$aКапитан дальнего плавания$eо А.И. Маринеско$fА. Крон
-- 700#1$aКрон$bА. А.$cписатель, драматург$f1909-1983$gАлександр Александрович$3RU\NLR\AUTH\7784030
-- 702#1$aМаринеско$bА. И.$f1913-1963$gАлександр Иванович$3RU\NLR\AUTH\770290527$4570
Заглавие Капитан дальнего плавания
Автор Крон, Александр Александрович (писатель, драматург ; 1909-1983)
464 #0 - АНАЛИТИЧЕСКИЙ УРОВЕНЬ
Встроенное поле 2001#$aЛекарство против страха
-- 700#1$aВайнер$bА. А.$f1931-2005$gАркадий Александрович$3RU\NLR\AUTH\7724984
-- 701#1$aВайнер$bГ. А.$f1938-2009$gГеоргий Александрович$3RU\NLR\AUTH\7724987
Заглавие Лекарство против страха
Автор Вайнер, Аркадий Александрович (1931-2005)
600 #1 - ИМЯ ЛИЦА КАК ПРЕДМЕТ
Начальный элемент ввода Маринеско
Часть имени, кроме начального элемента ввода А.И.
Даты 1913 - 1963
Расширение инициалов личного имени Александр Иванович
Тематический подзаголовок в художественной литературе
Системный номер авторитетной/нормативной записи 1520478
Идентификатор авторитетной/нормативной записи RU\NLR\AUTH\66661024
686 1# - ИНДЕКСЫ ДРУГИХ КЛАССИФИКАЦИЙ
Индекс Ш6(2=)75-446
702 #1 - ИМЯ ЛИЦА - ВТОРИЧНАЯ ОТВЕТСТВЕННОСТЬ
Код отношения Автор введения, предисловия, примечания и т.п.
Начальный элемент ввода Воробьев
Часть имени, кроме начального элемента ввода Б. Т.
Дополнения к именам, кроме дат писатель
Даты 1932-
Расширение инициалов личного имени Борис Тимофеевич
Системный номер авторитетной/нормативной записи 132495
Идентификатор авторитетной/нормативной записи RU\NLR\AUTH\770132529
702 #1 - ИМЯ ЛИЦА - ВТОРИЧНАЯ ОТВЕТСТВЕННОСТЬ
Начальный элемент ввода Лессиг
Часть имени, кроме начального элемента ввода В. М.
Даты 1933-1985
Расширение инициалов личного имени Всеволод Михайлович
Код отношения Автор введения, предисловия, примечания и т.п.
702 #1 - ИМЯ ЛИЦА - ВТОРИЧНАЯ ОТВЕТСТВЕННОСТЬ
Код отношения Иллюстратор
Графика поля Кириллица
Материалы, к которым относится поле rus
Начальный элемент ввода Ермолов
Часть имени, кроме начального элемента ввода М.
Дополнения к именам, кроме дат художник
Даты 1955-
Расширение инициалов личного имени Михаил
Системный номер авторитетной/нормативной записи 84750
Идентификатор авторитетной/нормативной записи RU\NLR\AUTH\77101824
702 #1 - ИМЯ ЛИЦА - ВТОРИЧНАЯ ОТВЕТСТВЕННОСТЬ
Графика поля Кириллица
Материалы, к которым относится поле rus
Начальный элемент ввода Барабанов
Часть имени, кроме начального элемента ввода Б. Н.
Дополнения к именам, кроме дат иллюстратор
Даты 1957-
Расширение инициалов личного имени Борис Николаевич
Системный номер авторитетной/нормативной записи 84846
Идентификатор авторитетной/нормативной записи RU\NLR\AUTH\77101920
801 #0 - ИСТОЧНИК ЗАПИСИ
Страна Российская Федерация
Организация NLR
Правила каталогизации psbo
801 #1 - ИСТОЧНИК ЗАПИСИ
Страна Российская Федерация
Организация ELAR
Источник данных rusmarc
852 ## - МЕСТОНАХОЖДЕНИЕ И ШИФР ХРАНЕНИЯ
Идентификатор организации NLR
Шифр хранения (Call Number) 87-3/2983
942 ## - ДОПОЛНИТЕЛЬНЫЕ ЭЛЕМЕНТЫ ЗАПИСИ (АБИС)
Тип экземпляра АБИС Неопределено
980 ## - КОЛЛЕКЦИЯ
Название коллекции Национальная библиография
Экземпляры
Тип экземпляра Дата поступления Библиотека постоянного хранения Библиотека текущего хранения Место хранения Шифр хранения Штрих-код Статус экземпляра
Книга 26.10.2013 РНБ (Московский) РНБ (Московский) Русский книжный фонд: издания с 1957 года 87-3/2983 5811625-10